000 01426nam a22002777a 4500
005 20090721162759.0
008 090721t xxu||||| |||| 00| 0 hin d
010 _aHIN-87402
020 _a9788178794754
_c275.00
035 _aHN-59748
037 _bDBAD / PUB
040 _adpl
_bhn
082 _a613.7
100 _aजगदीश सिंह
245 _aशारीरिक स्वच्छता और स्वास्थ्य शिक्षा /
_bजगदीश सिंह
246 _bby Jagdish Singh
_aShaariirika swachhataa aura swasthya shikshaa
260 _aनई दिल्ली
_bस्पोर्टस पब्लिकेशन्स
_c2008
270 _a7/26,ग्राउण्ड फ्लोर, अंसारी रोड, दरियागंज,
_bनई दिल्ली
_e110002
_k65749511
_l011-23240261
300 _a245पृ.
_c22सेमी (अजिल्द)
650 _aशारीरिक शिक्षा एवं प्रशिक्षण
650 _aPhysical education and training
650 _aस्वास्थ्य शिक्षा
650 _aHealth education
942 _2ddc
_cHN
_mजगदी
_h613.7
999 _c28498
_d28498